MARC details
| 000 -CABECERA |
| campo de control de longitud fija |
02066nam a2200325 i 4500 |
| 001 - NÚMERO DE CONTROL |
| campo de control |
991061720869206706 |
| 003 - IDENTIFICADOR DEL NÚMERO DE CONTROL |
| campo de control |
ES-BaIT |
| 005 - FECHA Y HORA DE LA ÚLTIMA TRANSACCIÓN |
| campo de control |
20260225135327.0 |
| 008 - DATOS DE LONGITUD FIJA--INFORMACIÓN GENERAL |
| campo de control de longitud fija |
260225e202411 fr r 000 ddfre c |
| 020 ## - NÚMERO INTERNACIONAL ESTÁNDAR DEL LIBRO |
| Número Internacional Estándar del Libro |
9782749816753 |
| 040 ## - FUENTE DE LA CATALOGACIÓN |
| Centro catalogador/agencia de origen |
ES-BaIT |
| Lengua de catalogación |
cat |
| Normas de descripción |
rda |
| Centro/agencia transcriptor |
ES-BaIT |
| 080 ## - NÚMERO DE LA CLASIFICACIÓN DECIMAL UNIVERSAL |
| Número de la Clasificación Decimal Universal |
840-2"20" |
| 100 1# - ENTRADA PRINCIPAL--NOMBRE DE PERSONA |
| Nombre de persona |
Sénia, Cléo |
| Término indicativo de función/relación |
autor |
| 9 (RLIN) |
168702 |
| 245 10 - MENCIÓN DE TÍTULO |
| Título |
Music-Hall Colette / |
| Mención de responsabilidad, etc. |
Cléo Sénia, Léna Bréban, Alexandre Zambeaux |
| 264 #1 - PRODUCCIÓN, PUBLICACIÓN, DISTRIBUCIÓN, FABRICACIÓN Y COPYRIGHT |
| Producción, publicación, distribución, fabricación y copyright |
Paris : |
| Nombre del de productor, editor, distribuidor, fabricante |
L'avant-scène théatre, |
| Fecha de producción, publicación, distribución, fabricación o copyright |
novembre 2024 |
| 300 ## - DESCRIPCIÓN FÍSICA |
| Extensión |
46 pàgines ; |
| Dimensiones |
21 cm |
| 336 ## - TIPO DE CONTENIDO |
| Término de tipo de contenido |
text |
| Código de tipo de contenido |
txt |
| Fuente |
rdacontent |
| 337 ## - TIPO DE MEDIO |
| Nombre/término del tipo de medio |
sense mediació |
| Código del tipo de medio |
n |
| Fuente |
rdamedia |
| 338 ## - TIPO DE SOPORTE |
| Nombre/término del tipo de soporte |
volum |
| Código del tipo de soporte |
nc |
| Fuente |
rdacarrier |
| 490 1# - MENCIÓN DE SERIE |
| Mención de serie |
L' Avant-scène théâtre ; |
| Designación de volumen o secuencia |
no 1566 |
| 500 ## - NOTA GENERAL |
| Nota general |
P3: D3 i altres |
| 500 ## - NOTA GENERAL |
| Nota general |
Publicat com no 1566 (novembre 2024) de la revista L'Avant-scène théâtre |
| 500 ## - NOTA GENERAL |
| Nota general |
Estrena al Théâtre Tristan Bernard, París el 26 de gener de 2024 |
| 520 ## - SUMARIO, ETC. |
| Sumario, etc. |
"Music-Hall Colette nous entraîne dans la vie haute en couleur de celle qui devint l'une des grandes plumes et personnalités de son temps : Gabrielle-Sidonie Colette. Des pantomimes légères du Moulin-Rouge à l'Académie Goncourt, du journalisme à la création d'un institut de beauté, de ses liasons scandaleuses aux obsèques nationales, Colette était une figure complexe, libre et moderne. Elle bouscule les codes d'une époque gouvernée par le patriarcat, la censure et les règles de bienséance. Feuille après feuille, de tissu ou de papier, la vie hors-norme de Colette s'effeuille dans cette pièce musicale au fil d'une narration en miroir avec notre époque. Cette pièce est écrit à six mains par Cléo Sénia, actrice et artiste de music-hall jouant seule sur scène, Léna Bréban, actrice, autrice et meteusse en scène, et Alexandre Zambeaux, acteur et auteur"-- Contracoberta |
| 600 00 - PUNTO DE ACCESO ADICIONAL DE MATERIA--NOMBRE DE PERSONA |
| Nombre de persona |
Colette, |
| Fechas asociadas al nombre |
1873-1954 |
| Subdivisión de forma |
Textos dramàtics |
| 9 (RLIN) |
168703 |
| 700 1# - ENTRADA AGREGADA--NOMBRE PERSONAL |
| Nombre de persona |
Bréban, Léna |
| Término indicativo de función/relación |
autor |
| 9 (RLIN) |
168704 |
| 700 1# - ENTRADA AGREGADA--NOMBRE PERSONAL |
| Nombre de persona |
Zambeaux, Alexandre |
| Término indicativo de función/relación |
autor |
| 9 (RLIN) |
168705 |
| 830 ## - PUNTO DE ACCESO ADICIONAL DE SERIE-TÍTULO UNIFORME |
| Título uniforme |
Avant-scène. |
| Nombre de parte o sección de la obra |
Théâtre |
| Designación de volumen o secuencia |
no 1566 |
| 9 (RLIN) |
168170 |
| 942 ## - ELEMENTOS DE ENTRADA AGREGADA (KOHA) |
| Fuente del sistema de clasificación o colocación |
Clasificación decimal universal |
| Tipo de ítem Koha |
Llibre |